|
|
|
|
| LEADER |
00000cam a2200000 4500 |
| 001 |
vtls012251716 |
| 003 |
SK-MaSNL |
| 005 |
20260425224518.0 |
| 008 |
240229s2023 xo o e c 000 0dslo |
| 015 |
|
|
|a SNBE2024
|
| 020 |
|
|
|a 9788085140774
|q (brožované)
|
| 040 |
|
|
|a SNK
|b slo
|c SNK
|e rda
|
| 041 |
0 |
|
|a slo
|a eng
|
| 043 |
|
|
|a e-xr---
|
| 044 |
|
|
|a xo
|c SK
|
| 072 |
|
7 |
|a 75
|x Maliarstvo
|2 konspekt
|
| 080 |
|
|
|a 75(437.3)
|2 2011
|
| 080 |
|
|
|a 75.036/.038
|2 2011
|
| 080 |
|
|
|a (437.3)
|2 2011
|
| 080 |
|
|
|a (083.824)
|2 2011
|
| 100 |
1 |
|
|a Tichý, Oldřich,
|d 1959-
|4 art
|9 371896
|
| 245 |
1 |
0 |
|a Oldřich Tichý
|b cez horizontálu
|c autorka koncepcie výstavy a katalógu: Ela Porubänová ; autorka textov: Ela Porubänová ; fotografie: Oto Palán ; preklad: Peter Šurik
|
| 246 |
3 |
0 |
|a Cez horizontálu
|
| 264 |
|
1 |
|a Trenčín
|b Galéria Miloša Alexandra Bazovského v Trenčíne
|c 2023
|
| 300 |
|
|
|a 40 nečíslovaných strán
|b farebné fotografie
|c 28 cm
|
| 336 |
|
|
|a text
|b txt
|2 rdacontent
|
| 336 |
|
|
|a statický obraz
|b sti
|2 rdacontent
|
| 337 |
|
|
|a bez média
|b n
|2 rdamedia
|
| 338 |
|
|
|a zväzok
|b nc
|2 rdacarrier
|
| 366 |
|
|
|e 200 kusov
|
| 500 |
|
|
|a Životopisné dáta, prehľad výstav a zastúpenie v zbierkach
|
| 504 |
|
|
|a Obsahuje bibliografiu a bibliografické odkazy
|
| 546 |
|
|
|a Súbežný text v angličtine
|
| 600 |
1 |
7 |
|a Tichý, Oldřich,
|d 1959-
|2 SNKMA
|9 371896
|
| 648 |
|
7 |
|a 21. storočie
|2 SNKPH
|9 301294
|
| 648 |
|
7 |
|a 21st century
|2 SNKPHeng
|9 303236
|
| 650 |
0 |
7 |
|a české maliarstvo
|2 SNKPH
|9 3112
|
| 650 |
0 |
7 |
|a Czech painting
|2 SNKPHeng
|9 303318
|
| 650 |
0 |
7 |
|a moderné maliarstvo
|2 SNKPH
|9 68070
|
| 650 |
0 |
7 |
|a Modern painting
|2 SNKPHeng
|9 315955
|
| 651 |
|
7 |
|a Česko
|2 SNKPH
|9 16753
|
| 651 |
|
7 |
|a Czechia
|2 SNKPHeng
|9 170107
|
| 655 |
|
7 |
|a katalógy výstav
|2 SNKPH
|9 70445
|
| 655 |
|
7 |
|a Exhibition catalogs
|2 SNKPHeng
|9 266232
|
| 700 |
1 |
|
|a Palán, Oto,
|d 1964-
|4 pht
|9 258105
|
| 700 |
1 |
|
|a Šurik, Peter
|4 trl
|9 371897
|
| 700 |
1 |
|
|a Denková, Kristína
|4 bkd
|9 371898
|
| 700 |
1 |
|
|a Porubänová, Elena
|4 aut
|4 cur
|9 11058
|
| 852 |
|
|
|a Slovenská národná knižnica
|
| 919 |
|
|
|a 978-80-85140-77-4
|
| 954 |
|
|
|a obrazové publikácie zamerané na výtvarné umenie a fotografiu cudzojazyčné (svetové)
|2 lita
|
| 958 |
|
|
|a NB
|
| 999 |
|
|
|c 615768
|d 617698
|
| 952 |
|
|
|a SNK
|b SNK
|y NEVYP
|7 1
|p 17A1545104
|o snkOSB 21303
|i snk2024/5760
|8 0
|0 0
|1 0
|4 0
|d 2024-04-11
|l 0
|r 2026-02-23 16:37:34
|w 2026-02-23
|